000 00332nam a2200145Ia 4500
008 150201s2008 xx 000 0 und d
082 _a612.015
_bM2008S
100 _aSHARMA,D.C
245 _aMCQS IN BIOCHEMISTRY
250 _a1ST
260 _bAITBS
_aDELHI
_c2008
300 _a1-220
650 _aBIOCHEMISTRY
942 _2ddc
_cBK
999 _c3887
_d3887